Normal view
MARC view
- Velasco, Alma,
Entry Nombre Personal
001 - NUMERO DE CONTROL
- campo de control: 35028
003 - IDENTIFICADOR DE NUMERO DE CONTROL
- campo de control: UPN
005 - FECHA Y HORA DE LA ÜLTIMA TRANSACCIÓN
- campo de control: 20210219194459.0
008 - DATOS DE LONGITUD FIJA
- campo de control de longitud fija: nabaccnnaabn|||||||||| b |nc|||||d
035 ## - NUMERO DE CONTROL
- Número de control: UPN11000007135
040 ## - FUENTE DE CATALOGACIÓN
- Lenguaje de catalogación: SPA
- Agencia de transcripción: UPN
100 1# - ENCABEZAMIENTO - NOMBRE PERSONAL
- Nombre personal: Velasco, Alma,
- Fechas asociadas con el nombre: 1948-
670 ## - FUENTE EN LA QUE SE LOCALIZARON DATOS
- Cita de la fuente: T
- Uniform Resource Identifier: http://www.poemitas.com/av.htm
680 ## - NOTA PUBLICA DE ACCESO PÚBLICO
- Frase explicativa de la referencia: Estudió música con la especialidad de Canto. Su repertorio abarca desde el siglo VI hasta la actualidad. También es Licenciada en Letras Hispánicas por la Universidad Nacional Autónoma de México
902 ## - CATALOGADOR
- Catalogador: MCM/270314
